000 00736nam a2200193 i 4500
001 159914
003 ES-MaACL
005 20231228063238.0
008 940202s1857 sp a |||| | spa d
040 _aAR
_bspa
100 1 _aMolíns, Mariano Roca de Togores,
_cMarqués de,
_d1812-1889
_9130033
245 1 0 _aObras poéticas de Mariano Roca de Togores, Marqués de Molins.
250 _a2ª ed.
260 _aMadrid :
_b[s.n.],
_c1857 (
_fimp. de Tejado, a cargo de Francisco de Robles)
300 _aXXXIV, 608 p., [1] h. de lám. ;
_c23 cm.
599 1 _aLa h. de lam.: "F. Madrazo pinx., P. Hortigosa, del et Sc. Calcografia de la Impta. Nl."
852 _aES-MaACL
_jG-8889
_z-- Enc. hol.
999 _c159914
_d159914